000 00569nam a2200181Ia 4500
003 GCL
008 140319s9999 xx 000 0 ara d
040 _aGCL /
_cGCL
082 0 4 _a946.081
_bا ح
100 1 _aاحمد فؤاد الاهوانى
245 1 0 _aالحرب الاسبانية /
_cاحمد فؤاد الاهوانى
300 _a112 ص
490 _aالهيئة العامة للاستعلامات
_v0
650 0 4 _aالعصر الحديث
650 0 4 _aاسبانيا - تاريخ
650 0 4 _aحكم فرانكو (1939 ـ 1975)
942 _2ddc
_cBK
999 _c47101
_d47101